UEFA Champions League Sieger (Fußballer) - Sudden Death - Statistiken

Allgemein
  • Dieses Quiz wurde 1.459 mal gespielt
    1.439 seit der letzten Aktualisierung
  • Das Durchschnittsergebnis liegt bei 9 aus 44
Answers on the Grid
Answers color-coded by a green-red scale on the quiz's grid according to % correct below.
Toni Kroos
Lionel Messi
Cristiano Ronaldo
Karim Benzema
Andrés Iniesta
Gerd Müller
Franz Beckenbauer
Uli Hoeneß
Thomas Müller
Manuel Neuer
Achraf Hakimi
Nuno Mendes
Marc-André ter Stegen
Arda Güler
Virgil van Dijk
Eden Hazard
Julián Alvarez
Mason Mount
Kai Havertz
N'Golo Kanté
Timo Werner
Olivier Giroud
Jamal Musiala
Robert Lewandowski
Joshua Kimmich
Niklas Süle
Neymar
Sadio Mané
Sami Khedira
Luis Suárez
Emre Can
Franck Ribéry
Bastian Schweinsteiger
Philipp Lahm
Kaká
Frank Lampard
Ashley Cole
Petr Cech
Fernando Torres
Thierry Henry
Ronaldinho
Oliver Kahn
Lars Ricken
Rudi Völler
Kylian Mbappé
Mats Hummels
Roberto Baggio
Antoine Griezmann
Cesc Fabregas
Michael Ballack
Ruud van Nistelrooy
Lilian Thuram
Francesco Totti
Fabio Cannavaro
Zlatan Ibrahimović
Sergio Agüero
Dennis Bergkamp
Gianluigi Buffon
Ronaldo (R9)
Lothar Matthäus
Florian Wirtz
Jadon Sancho
Julian Brandt
Marco Reus
Julian Draxler
Jens Lehmann
Pierre-Emerick Aubameyang
Mesut Özil
Mario Götze
Harry Kane
Heung-min Son
Diego Maradona
 
Antwortstatistiken
Antwort % Korrekt
Lionel Messi
38%
Thomas Müller
36%
Cristiano Ronaldo
35%
Toni Kroos
35%
Robert Lewandowski
34%
Joshua Kimmich
32%
Karim Benzema
32%
Manuel Neuer
32%
Philipp Lahm
32%
Franck Ribéry
31%
Luis Suárez
31%
Bastian Schweinsteiger
30%
Virgil van Dijk
30%
Neymar
28%
Kai Havertz
26%
Andrés Iniesta
25%
Achraf Hakimi
24%
Sadio Mané
24%
N'Golo Kanté
23%
Marc-André ter Stegen
22%
Ronaldinho
21%
Kaká
19%
Nuno Mendes
19%
Petr Cech
18%
Timo Werner
18%
Jamal Musiala
17%
Lars Ricken
17%
Gerd Müller
16%
Oliver Kahn
16%
Niklas Süle
15%
Mason Mount
14%
Sami Khedira
14%
Frank Lampard
13%
Franz Beckenbauer
13%
Thierry Henry
13%
Julián Alvarez
12%
Arda Güler
10%
Eden Hazard
9%
Fernando Torres
9%
Uli Hoeneß
8%
Ashley Cole
7%
Emre Can
7%
Olivier Giroud
6%
Rudi Völler
4%
Keine übereinstimmenden Quizze gefunden
Verteilung der Resultate
Anzahl Personen mit jedem Resultat
Perzentil nach korrekt beantworteten Fragen
Ihre Resultats-Entwicklung
Sie haben dieses Quiz seit der letzten Aktualisierung nicht gespielt